Turkstaaten - Kartenquiz - Statistiken

Allgemein
  • Dieses Quiz wurde 57 mal gespielt
  • Das Durchschnittsergebnis liegt bei 6 aus 8
Antworten auf der Karte
Die Antworten werden auf der Karte rot bzw. grün angezeigt, abhängig davon wie oft sie richtig erraten wurden.
 
Antwortstatistiken
Status Land % Korrekt
Beobachter Turkmenistan
96%
Gründungsmitglied Türkei
92%
Gründungsmitglied Kirgisistan
91%
Mitgliedstaat Usbekistan
89%
Gründungsmitglied Kasachstan
85%
Gründungsmitglied Aserbaidschan
77%
Beobachter (nicht offiziell anerkannter Staat) Nordzypern
40%
Beobachter Ungarn
21%
Keine übereinstimmenden Quizze gefunden
Verteilung der Resultate
Anzahl Personen mit jedem Resultat
Perzentil nach korrekt beantworteten Fragen
Ihre Resultats-Entwicklung
Sie haben dieses Quiz noch nicht gespielt